Statistiques concernant Personnages de jeux-vidéo en images - N

Cliquez ici pour prendre le quiz!

Statistiques générales

  • Ce quiz a été pris 92 fois
  • Le résultat moyen est 5 sur 14

Statistiques - réponses

Réponse% Correct
Nathan Drake
78%
Navi
63%
Ness
61%
Nabil
57%
Niko Bellic
42%
Dr Neo Cortex
35%
Nidalee
34%
Noctis Lucis Caelum
25%
Noëlle
19%
Nero
18%
Ningguang
18%
Naminé
13%
NieR
11%
N'Zoth
11%

Distribution des résultats

Percentile par nombre de réponses

% des personnes avec chaque résultat

Votre développement - résultats

Vous n’avez pas pris ce quiz